The World Book Encyclopedia Vol-14(NO) (Record no. 237755)

MARC details
000 -LEADER
fixed length control field 00426nam a2200157Ia 4500
005 - DATE AND TIME OF LATEST TRANSACTION
control field 20250729165602.0
008 - FIXED-LENGTH DATA ELEMENTS--GENERAL INFORMATION
fixed length control field 250729s1968 xx 000 0 und d
041 ## - LANGUAGE CODE
Language code of text/sound track or separate title eng
082 ## - DEWEY DECIMAL CLASSIFICATION NUMBER
Classification number 030 WBC
100 ## - MAIN ENTRY--PERSONAL NAME
Personal name Robert O Zeleny William Nault
9 (RLIN) 227752
245 ## - TITLE STATEMENT
Title The World Book Encyclopedia Vol-14(NO)
260 ## - PUBLICATION, DISTRIBUTION, ETC.
Place of publication, distribution, etc. Chicago,London
Date of publication, distribution, etc. 1968
300 ## - PHYSICAL DESCRIPTION
Extent 684p
650 ## - SUBJECT ADDED ENTRY--TOPICAL TERM
Topical term or geographic name entry element Encyclopedia
9 (RLIN) 227753
700 ## - ADDED ENTRY--PERSONAL NAME
Personal name Rao Digumurthi
9 (RLIN) 227754
Holdings
Withdrawn status Lost status Damaged status Not for loan Home library Current library Date acquired Source of acquisition Total Checkouts Full call number Barcode Date last seen Price effective from Koha item type
        St Aloysius Library St Aloysius Library 07/29/2025 Management Books   030 WBC BED03074 07/29/2025 07/29/2025 Book